书目信息 |
| 题名: |
岩土力学与地基基础
|
|
| 作者: | 唐小娟 , 胡杰 , 郑俊 著 | |
| 分册: | ||
| 出版信息: | 长春 吉林科学技术出版社 2022.08 |
|
| 页数: | 226页 | |
| 开本: | 26cm | |
| 丛书名: | ||
| 单 册: | ||
| 中图分类: | TU4 | |
| 科图分类: | ||
| 主题词: | 岩土力学--yan tu li xue , 地基--di ji--基础 (工程) | |
| 电子资源: | ||
| ISBN: | 978-7-5578-9398-9 | |
| 000 | 00967nam0 2200277 450 | |
| 001 | CAL 012022036593 | |
| 005 | 20230217093112.0 | |
| 010 | @a978-7-5578-9398-9@dCNY58.00 | |
| 100 | @a20221020d2022 em y0chiy0120 ea | |
| 101 | 0 | @achi |
| 102 | @aCN@b220000 | |
| 105 | @aa a 000yy | |
| 106 | @ar | |
| 200 | 1 | @a岩土力学与地基基础@Ayan tu li xue yu di ji ji chu@f唐小娟, 胡杰, 郑俊著 |
| 210 | @a长春@c吉林科学技术出版社@d2022.08 | |
| 215 | @a226页@c图@d26cm | |
| 320 | @a有书目 (第225-226页) | |
| 330 | @a本书主要内容包括: 岩土工程的力学性质与分类、岩土力学分析评价及成果报告、特殊条件下的岩土工程分析技术、工程场地岩土工程勘察、地基浅基础、地基桩基础、地基处理、地基施工新技术。 | |
| 606 | 0 | @a岩土力学@Ayan tu li xue |
| 606 | 0 | @a地基@Adi ji@x基础 (工程) |
| 690 | @aTU4@v5 | |
| 701 | 0 | @a唐小娟@Atang xiao juan@4著 |
| 701 | 0 | @a胡杰@Ahu jie@4著 |
| 701 | 0 | @a郑俊@Azheng jun@4著 |
| 801 | 0 | @aCN@bBJXHZP@c20230228 |
| 905 | @b1386046-8@dTU4@e2145@f3 | |
| 岩土力学与地基基础/唐小娟, 胡杰, 郑俊著.-长春:吉林科学技术出版社,2022.08 |
| 226页:图;26cm |
| ISBN 978-7-5578-9398-9:CNY58.00 |
| 本书主要内容包括: 岩土工程的力学性质与分类、岩土力学分析评价及成果报告、特殊条件下的岩土工程分析技术、工程场地岩土工程勘察、地基浅基础、地基桩基础、地基处理、地基施工新技术。 |
| ● |
| 相关链接 |
|
|
|
|
正题名:岩土力学与地基基础
索取号:TU4/2145
 
预约/预借
| 序号 | 登录号 | 条形码 | 馆藏地/架位号 | 状态 | 备注 |
| 1 | 1386046 | 213860464 | 第二样本阅览室/ [索取号:TU4/2145] | 在馆 | |
| 2 | 1386047 | 213860473 | 第三借阅区/ [索取号:TU4/2145] | 在馆 | |
| 3 | 1386048 | 213860482 | 第三借阅区/ [索取号:TU4/2145] | 在馆 |